| 000 | 00742nam a2200265 a 4500 | ||
|---|---|---|---|
| 003 | AR-BaBNM | ||
| 005 | 20251128205952.0 | ||
| 008 | 082120s2002 ||||||||||||||000 | spa|| | ||
| 020 | _a968-23-0762-7 | ||
| 040 | _cAR-BaBNM | ||
| 245 | 0 | 0 | _aPrehistoria |
| 260 |
_aMéxico, D.F. _bSiglo Veintiuno _c1989 |
||
| 300 |
_a379 p. _btablas, il. |
||
| 490 | 0 |
_aHistoria universal siglo veintiuno _vv. 1 |
|
| 504 | _aBibliografĂa para consultar p. 339-362 | ||
| 650 | 4 | _aARQUEOLOGIA | |
| 650 | 4 | _aPREHISTORIA | |
| 650 | 4 | _aHOMBRE PREHISTORICO | |
| 650 | 4 | _aEDAD DE BRONCE | |
| 650 | 4 | _aEDAD DE PIEDRA | |
| 700 | 1 |
_aAlimen, Marie-Henriette _ecompilador |
|
| 700 | 1 |
_aSteve, P.Marie-Joseph _ecompilador |
|
| 942 | _cBK | ||
| 998 | _cMariana | ||
| 999 |
_c13531 _d13531 |
||